Normal view
MARC view
- Covitch, Michael Judah
Entry Personal Name
001 - CONTROL NUMBER
- control field: 83684
003 - CONTROL NUMBER IDENTIFIER
- control field: NUST
005 - DATE AND TIME OF LATEST TRANSACTION
- control field: 20211105123523.0
008 - FIXED-LENGTH DATA ELEMENTS
- fixed length control field: 211105|| aca||aabn | a|a d
040 ## - CATALOGING SOURCE
- Original cataloging agency: NUST
- Transcribing agency: NUST
100 ## - HEADING--PERSONAL NAME
- Personal name: Covitch, Michael Judah
670 ## - SOURCE DATA FOUND
- Source citation: Work cat.: (NUST)32299: Kudish, Ilya I. 83680, Modeling and analytical methods in tribology /, c2010.
